{"text_format":"3","workbook":"xlsx","n_sheets":1,"sheets":["Протокол ШЭ ВОШ по ФК"],"not_rendered":{"defined_names":1},"read":"whole","date_system":"1900"}

{"sheet":"Протокол ШЭ ВОШ по ФК","index":0,"n_rows":66,"n_cols":19,"rows_kept":66}
["№","Код ОО","Наименование ОО","Фамилия","Имя","Отчество","Дата рождения","Пол","Участник с ОВЗ (да/нет)","Класс обучения","Класс участия","Балл","Добавлено баллов по итогам апелляций","Итоговый балл","Максимальный балл","Статус","Призёр республиканского этапа прошлого года","ФИО учителя","Место работы учителя"]
[1,530004,"МБОУ «Уруссинская гимназия» Ютазинского муниципального района Республики Татарстан","Казакова","Александра","Михайловна",39898,"Ж","нет",7,7,87.21,0,87.21,100,"победитель","нет","Смоленцев Глеб Юрьевич","МБОУ «Уруссинская гимназия» Ютазинского муниципального района Республики Татарстан"]
[2,530004,"МБОУ «Уруссинская гимназия» Ютазинского муниципального района Республики Татарстан","Султанбеков","Амирхан","Тимурович",39951,"М","нет",7,7,80.54,0,80.54,100,"победитель","нет","Смоленцев Глеб Юрьевич","МБОУ «Уруссинская гимназия» Ютазинского муниципального района Республики Татарстан"]
[3,530011,"МБОУ \"Каразерикская средняя общеобразовательная школа имени Галима Вильданова» Ютазинского муниципального района Республики Татарстан","Худоёров","Рамазан","Хабибулоевич",40014,"М","нет",7,7,59.36,0,59.36,100,"участник","нет","Ахметова Рузиля Халиковна","МБОУ \"Каразерикская средняя общеобразовательная школа имени Галима Вильданова» Ютазинского муниципального района Республики Татарстан"]
[4,530002,"МБОУ \"Уруссинская средняя общеобразовательная школа №2\" Ютазинского муниципального района Республики Татарстан","Габдулгалеева","Инесса","Рустамовна","13.09.2010","Ж","нет",7,7,76.84,0,76.84,100,"призер","нет","Царькова Анна Ивановна","МБОУ \"Уруссинская средняя общеобразовательная школа №2\" Ютазинского муниципального района Республики Татарстан"]
[5,530002,"МБОУ \"Уруссинская средняя общеобразовательная школа №2\" Ютазинского муниципального района Республики Татарстан","Шарифуллина ","Карина","Руслановна","21.07.2010","Ж","нет",7,7,75.82,0,75.82,100,"призер","нет","Царькова Анна Ивановна","МБОУ \"Уруссинская средняя общеобразовательная школа №2\" Ютазинского муниципального района Республики Татарстан"]
[6,530002,"МБОУ \"Уруссинская средняя общеобразовательная школа №2\" Ютазинского муниципального района Республики Татарстан","Желенков","Арсений","Юрьевич","25.12.2009","М","нет",7,7,61.21,0,61.21,100,"участник","нет","Царькова Анна Ивановна","МБОУ \"Уруссинская средняя общеобразовательная школа №2\" Ютазинского муниципального района Республики Татарстан"]
[7,530002,"МБОУ \"Абсалямовская основная общеобразовательная школа\" Ютазинского муниципального района Республики Татарстан","Бурангулов","Инсаф","Ильясович",40598,"М","нет",7,7,57.14,0,57.14,100,"участник","нет","Краснов Александр Николаевич","МБОУ \"Абсалямовская основная общеобразовательная школа\" Ютазинского муниципального района Республики Татарстан"]
[8,530002,"МБОУ \"Абсалямовская основная общеобразовательная школа\" Ютазинского муниципального района Республики Татарстан","Рузиматов","Хофиз","Хабибжонович","03.10.2010","М","нет",7,7,54.51,0,54.51,100,"участник","нет","Краснов Александр Николаевич","МБОУ \"Абсалямовская основная общеобразовательная школа\" Ютазинского муниципального района Республики Татарстан"]
[9,530002,"МБОУ \"Абсалямовская основная общеобразовательная школа\" Ютазинского муниципального района Республики Татарстан","Хожаков","Айнур","Шерматович","31.05.2010","М","нет",7,7,58.17,0,58.17,100,"участник","нет","Краснов Александр Николаевич","МБОУ \"Абсалямовская основная общеобразовательная школа\" Ютазинского муниципального района Республики Татарстан"]
[10,530005,"МБОУ \"Ютазинская средняя общеобразовательная школа\" Ютазинского муниципального района Республики Татарстан","Ильдукова","Ульяна","Юрьевна","28.07.2009","Ж","нет",7,7,62.97,0,62.97,100,"участник","нет","Хакимова Гулия Рафисовна","МБОУ \"Ютазинская средняя общеобразовательная школа\" Ютазинского муниципального района Республики Татарстан"]
[11,530014,"МБОУ «Дым-Тамакская основная общеобразовательная школа» Ютазинского муниципального района Республики Татарстан","Билалов","Камиль","Русланович",39945,"М","нет",7,7,58.01,0,58.01,100,"участник","нет","Краснов Александр Николаевич","МБОУ «Дым-Тамакская основная общеобразовательная школа» Ютазинского муниципального района Республики Татарстан"]
[12,530003,"МБОУ «Уруссинская средняя общеобразовательная школа №3» Ютазинского муниципального района Республики Татарстан ","Галиуллин","Давид","Расилович",40013,"М","нет",7,7,69.88,0,69.88,100,"призер","нет","Ежов Владимир Валерьевич","МБОУ «Уруссинская средняя общеобразовательная школа №3» Ютазинского муниципального района Республики Татарстан "]
[13,530003,"МБОУ «Уруссинская средняя общеобразовательная школа №3» Ютазинского муниципального района Республики Татарстан ","Камалдинов","Эмир","Ильшатович",39862,"М","нет",7,7,66.73,0,66.73,100,"призер","нет","Ежов Владимир Валерьевич\t","МБОУ «Уруссинская средняя общеобразовательная школа №3» Ютазинского муниципального района Республики Татарстан "]
[14,530003,"МБОУ «Уруссинская средняя общеобразовательная школа №3» Ютазинского муниципального района Республики Татарстан ","Исаев","Антон","Борисович",39455,"М","нет",8,8,95.97,0,95.97,100,"победитель","нет","Нигматуллин Рустам Фарагатович","МБОУ «Уруссинская средняя общеобразовательная школа №3» Ютазинского муниципального района Республики Татарстан "]
[15,530003,"МБОУ «Уруссинская средняя общеобразовательная школа №3» Ютазинского муниципального района Республики Татарстан ","Камалова","Зарина","Камилевна",39603,"Ж","нет",8,8,90.82,0,90.82,100,"призер","нет","Ежов Владимир Валерьевич","МБОУ «Уруссинская средняя общеобразовательная школа №3» Ютазинского муниципального района Республики Татарстан "]
[16,530012,"МБОУ \"Абсалямовская основная общеобразовательная школа\" Ютазинского муниципального района Республики Татарстан","Газимова","Эльза","Марселевна",39812,"Ж","нет",8,8,73.8,0,73.8,100,"участник","нет","Краснов Александр Николаевич","МБОУ \"Абсалямовская основная общеобразовательная школа\" Ютазинского муниципального района Республики Татарстан"]
[17,530004,"МБОУ «Уруссинская гимназия» Ютазинского муниципального района Республики Татарстан","Галиева","Диляра","Динаровна",39549,"Ж","нет",8,8,76.38,0,76.38,100,"участник","нет","Ахметова Елена Александровна","МБОУ «Уруссинская гимназия» Ютазинского муниципального района Республики Татарстан"]
[18,530004,"МБОУ «Уруссинская гимназия» Ютазинского муниципального района Республики Татарстан","Нигматуллин","Радмил","Русланович",39631,"М","нет",8,8,73.13,0,73.13,100,"участник","нет","Ахметова Елена Александровна","МБОУ «Уруссинская гимназия» Ютазинского муниципального района Республики Татарстан"]
[19,530011,"МБОУ «Каразерикская средняя общеобразовательная школа имени Галима Вильданова» Ютазинского муниципального района Республики Татарстан","Сагиров","Радэль","Камильевич",39753,"М","нет",8,8,59.62,0,59.62,100,"участник","нет","Ахметова Рузиля Халиковна","МБОУ «Каразерикская средняя общеобразовательная школа имени Галима Вильданова» Ютазинского муниципального района Республики Татарстан"]
[20,530011,"МБОУ «Каразерикская средняя общеобразовательная школа имени Галима Вильданова» Ютазинского муниципального района Республики Татарстан","Шаяхметова","Диана","Флоритовна",39811,"Ж","нет",8,8,74.31,0,74.31,100,"участник","нет"," Ахметова Рузиля Халиковна","МБОУ «Каразерикская средняя общеобразовательная школа имени Галима Вильданова» Ютазинского муниципального района Республики Татарстан"]
[21,530006,"МБОУ «Мало-Уруссинская основная общеобразовательная школа» Ютазинского муниципального района Республики Татарстан","Абдуллин","Аяз","Фаизович",39715,"М","нет",8,8,31.56,0,31.56,100,"участник","нет","Фатыхова Айгуль Фиргатовна","МБОУ «Мало-Уруссинская основная общеобразовательная школа» Ютазинского муниципального района Республики Татарстан"]
[22,530002,"МБОУ \"Уруссинская средняя общеобразовательная школа №2\" Ютазинского муниципального района Республики Татарстан","Хакимова","Полина","Александровна",39815,"Ж","нет",8,8,80.47,0,80.47,100,"призер","нет","Царькова Анна Ивановна","МБОУ \"Уруссинская средняя общеобразовательная школа №2\" Ютазинского муниципального района Республики Татарстан"]
[23,530002,"МБОУ \"Уруссинская средняя общеобразовательная школа №2\" Ютазинского муниципального района Республики Татарстан","Фаздалов","Адель","Эдуардович",39556,"М","нет",8,8,75.16,0,75.16,100,"призер","нет","Царькова Анна Ивановна","МБОУ \"Уруссинская средняя общеобразовательная школа №2\" Ютазинского муниципального района Республики Татарстан"]
[24,530005,"МБОУ «Ютазинская средняя общеобразовательная школа» Ютазинского муниципального района Республики Татарстан","Зарбиев","Руслан","Ильгизович",39589,"М","нет",8,8,53.26,0,53.26,100,"участник","нет","Латыпов Ильмир Ильшатович","МБОУ «Ютазинская средняя общеобразовательная школа» Ютазинского муниципального района Республики Татарстан"]
[25,530003,"МБОУ «Уруссинская средняя общеобразовательная школа №3» Ютазинского муниципального района Республики Татарстан ","Фейсханова","Самира","Раушановна",39848,"Ж","нет",8,8,91.34,0,91.34,100,"победитель","нет","Ежов Владимир Валерьевич","МБОУ «Уруссинская средняя общеобразовательная школа №3» Ютазинского муниципального района Республики Татарстан "]
[26,530012,"МБОУ \"Абсалямовская основная общеобразовательная школа\" Ютазинского муниципального района Республики Татарстан","Мамакина","Ангелина","александровна",39799,"Ж","нет",8,8,63.13,0,63.13,100,"участник","нет","Краснов Александр Николаевич","МБОУ \"Абсалямовская основная общеобразовательная школа\" Ютазинского муниципального района Республики Татарстан"]
[27,530004,"МБОУ «Уруссинская гимназия» Ютазинского муниципального района Республики Татарстан","Халитов","Данияр","Альбертович",39602,"М","нет",8,8,74.31,0,74.31,100,"участник","нет","Ахметова Елена Александровна","МБОУ «Уруссинская гимназия» Ютазинского муниципального района Республики Татарстан"]
[28,530011,"МБОУ «Каразерикская средняя общеобразовательная школа имени Галима Вильданова» Ютазинского муниципального района Республики Татарстан","Хайбуллин","Ильгиз","Раисович",39553,"М","нет",8,8,77.89,0,77.89,100,"призер","нет","Ахметова Рузиля Халиковна","МБОУ «Каразерикская средняя общеобразовательная школа имени Галима Вильданова» Ютазинского муниципального района Республики Татарстан"]
[29,530006,"МБОУ «Мало-Уруссинская основная общеобразовательная школа» Ютазинского муниципального района Республики Татарстан","Шарипова","Адиля","Маратовна",39645,"Ж","нет",8,8,62.95,0,62.95,100,"участник","нет","Фатыхова Айгуль Фиргатовна","МБОУ «Мало-Уруссинская основная общеобразовательная школа» Ютазинского муниципального района Республики Татарстан"]
[30,530012,"МБОУ \"Абсалямовская основная общеобразовательная школа\" Ютазинского муниципального района Республики Татарстан","Кузин","Тимур","Ильнурович",39431,"М","нет",9,9,70.58,0,70.58,100,"участник","нет","Краснов Александр Николаевич","МБОУ \"Абсалямовская основная общеобразовательная школа\" Ютазинского муниципального района Республики Татарстан"]
[31,530007,"МБОУ «Старо-Уруссинская средняя общеобразовательная школа» Ютазинского муниципального района Республики Татарстан","Хафизов","Нурислам","Тагирович",39104,"М","нет",9,9,61.52,0,61.52,100,"участник","нет","Рафиков Илдус Хатипович","МБОУ «Старо-Уруссинская средняя общеобразовательная школа» Ютазинского муниципального района Республики Татарстан"]
[32,530003,"МБОУ «Уруссинская средняя общеобразовательная школа №3» Ютазинского муниципального района Республики Татарстан ","Кузина","София","Сергеевна",39277,"Ж","нет",9,9,71.69,0,71.69,100,"участник","нет","Ежов Владимир Валерьевич\t","МБОУ «Уруссинская средняя общеобразовательная школа №3» Ютазинского муниципального района Республики Татарстан "]
[33,530003,"МБОУ «Уруссинская средняя общеобразовательная школа №3» Ютазинского муниципального района Республики Татарстан ","Заляева","Айгуль","Чулпановна",39190,"Ж","нет",9,9,87.41,0,87.41,100,"победитель","нет","Ежов Владимир Валерьевич\t","МБОУ «Уруссинская средняя общеобразовательная школа №3» Ютазинского муниципального района Республики Татарстан "]
[34,530004,"МБОУ «Уруссинская гимназия» Ютазинского муниципального района Республики Татарстан","Ахметова","Самира","Дамировна",39301,"Ж","да",9,9,83.95,0,83.95,100,"призер","нет","Ахметова Елена Александровна","МБОУ «Уруссинская гимназия» Ютазинского муниципального района Республики Татарстан"]
[35,530011,"МБОУ «Каразерикская средняя общеобразовательная школа имени Галима Вильданова» Ютазинского муниципального района Республики Татарстан","Нафиков","Илис","Рафисович",39436,"М","нет",9,9,64.67,0,64.67,100,"участник","нет","Ильясов Рамиль Салихович","МБОУ «Каразерикская средняя общеобразовательная школа имени Галима Вильданова» Ютазинского муниципального района Республики Татарстан"]
[36,530005,"МБОУ «Ютазинская средняя общеобразовательная школа» Ютазинского муниципального района Республики Татарстан","Махмодшоев","Шамиль","Аъзамжонович",39442,"М","нет",9,9,62.37,0,62.37,100,"участник","нет","Хакимова Гулия Рафисовна","МБОУ «Ютазинская средняя общеобразовательная школа» Ютазинского муниципального района Республики Татарстан"]
[37,530002,"МБОУ \"Уруссинская средняя общеобразовательная школа №2\" Ютазинского муниципального района Республики Татарстан","Хайдаров","Тимур","Маратович",39059,"М","нет",9,9,72.17,0,72.17,100,"призер","нет","Царькова Анна Ивановна","МБОУ \"Уруссинская средняя общеобразовательная школа №2\" Ютазинского муниципального района Республики Татарстан"]
[38,530010,"МБОУ \"Каракашлинская основная общеобразовательная школа\" Ютазинского муниципального района Республики Татарстан","Хамитов","Ильхам","Ильнурович",39171,"М","нет",9,9,16.5,0,16.5,100,"участник","нет","Закиров Марсель Шакирович","МБОУ \"Каракашлинская основная общеобразовательная школа\" Ютазинского муниципального района Республики Татарстан"]
[39,530014,"МБОУ «Дым-Тамакская основная общеобразовательная школа» Ютазинского муниципального района Республики Татарстан","Мутаев","Радмир","Ленарович",39151,"М","нет",9,9,28.63,0,28.63,100,"участник","нет","Краснов Александр Николаевич","МБОУ «Дым-Тамакская основная общеобразовательная школа» Ютазинского муниципального района Республики Татарстан"]
[40,530014,"МБОУ «Дым-Тамакская основная общеобразовательная школа» Ютазинского муниципального района Республики Татарстан","Сафина","Милана","Рузилевна",39086,"М","нет",9,9,53.3,0,53.3,100,"участник","нет","Краснов Александр Николаевич","МБОУ «Дым-Тамакская основная общеобразовательная школа» Ютазинского муниципального района Республики Татарстан"]
[41,530003,"МБОУ «Уруссинская средняя общеобразовательная школа №3» Ютазинского муниципального района Республики Татарстан ","Авдеев","Данил","Денисович",39341,"М","нет",9,9,92.47,0,92.47,100,"победитель","нет","Ежов Владимир Валерьевич\t","МБОУ «Уруссинская средняя общеобразовательная школа №3» Ютазинского муниципального района Республики Татарстан "]
[42,530003,"МБОУ «Уруссинская средняя общеобразовательная школа №3» Ютазинского муниципального района Республики Татарстан ","Глушков","Олег","Павлович",39381,"М","нет",9,9,73.7,0,73.7,100,"призер","нет","Ежов Владимир Валерьевич","МБОУ «Уруссинская средняя общеобразовательная школа №3» Ютазинского муниципального района Республики Татарстан "]
[43,530003,"МБОУ «Уруссинская средняя общеобразовательная школа №3» Ютазинского муниципального района Республики Татарстан ","Заляева","Катрина","Маратовна",39151,"Ж","нет",9,9,72.63,0,72.63,100,"участник","нет","Ежов Владимир Валерьевич\t","МБОУ «Уруссинская средняя общеобразовательная школа №3» Ютазинского муниципального района Республики Татарстан "]
[44,530003,"МБОУ «Уруссинская средняя общеобразовательная школа №3» Ютазинского муниципального района Республики Татарстан ","Набиуллина","Милана","Иршатовна",39259,"Ж","нет",9,9,71.74,0,71.74,100,"участник","нет","Ежов Владимир Валерьевич\t","МБОУ «Уруссинская средняя общеобразовательная школа №3» Ютазинского муниципального района Республики Татарстан "]
[45,530003,"МБОУ «Уруссинская средняя общеобразовательная школа №3» Ютазинского муниципального района Республики Татарстан ","Нафикова","Аделина","Марселевна",39205,"Ж","нет",9,9,83.15,0,83.15,100,"призер","нет","Нигматуллин Рустам Фарагатович","МБОУ «Уруссинская средняя общеобразовательная школа №3» Ютазинского муниципального района Республики Татарстан "]
[46,530004,"МБОУ «Уруссинская гимназия» Ютазинского муниципального района Республики Татарстан","Фатыхова","Илина","Ильнаровна",39409,"Ж","нет",9,9,77.11,0,77.11,100,"участник","нет","Ахметова Елена Александровна","МБОУ «Уруссинская гимназия» Ютазинского муниципального района Республики Татарстан"]
[47,530006,"МБОУ «Мало-Уруссинская основная общеобразовательная школа» Ютазинского муниципального района Республики Татарстан","Зарипова","Алина","Ринатовна",39510,"Ж","нет",9,9,36.35,0,36.35,100,"участник","нет","Фатыхова Айгуль Фиргатовна","МБОУ «Мало-Уруссинская основная общеобразовательная школа» Ютазинского муниципального района Республики Татарстан"]
[48,530006,"МБОУ «Мало-Уруссинская основная общеобразовательная школа» Ютазинского муниципального района Республики Татарстан","Ахметзянов","Ильнар","Рамилевич",39359,"М","нет",9,9,53.66,0,53.66,100,"участник","нет","Фатыхова Айгуль Фиргатовна","МБОУ «Мало-Уруссинская основная общеобразовательная школа» Ютазинского муниципального района Республики Татарстан"]
[49,530003,"МБОУ «Уруссинская средняя общеобразовательная школа №3» Ютазинского муниципального района Республики Татарстан ","Милков","Михаил","Сергеевич",38797,"М","нет",10,10,83.47,0,83.47,100,"призер","нет","Ежов Владимир Валерьевич\t","МБОУ «Уруссинская средняя общеобразовательная школа №3» Ютазинского муниципального района Республики Татарстан "]
[50,530004,"МБОУ «Уруссинская гимназия» Ютазинского муниципального района Республики Татарстан","Якупов","Алан","Рузалевич",38835,"М","нет",10,10,80.24,0,80.24,100,"призер","нет","Ахметова Елена Александровна","МБОУ «Уруссинская гимназия» Ютазинского муниципального района Республики Татарстан"]
[51,530005,"МБОУ «Ютазинская средняя общеобразовательная школа» Ютазинского муниципального района Республики Татарстан","Салямова","Илина","Ильгизовна",38926,"Ж","нет",10,10,69.2,0,69.2,100,"призер","нет","Гизатуллин Рашит Азатович","МБОУ «Ютазинская средняя общеобразовательная школа» Ютазинского муниципального района Республики Татарстан"]
[52,530003,"МБОУ «Уруссинская средняя общеобразовательная школа №3» Ютазинского муниципального района Республики Татарстан ","Валеев","Камиль","Рамилевич",38886,"М","нет",10,10,67.53,0,67.53,100,"участник","нет","Ежов Владимир Валерьевич","МБОУ «Уруссинская средняя общеобразовательная школа №3» Ютазинского муниципального района Республики Татарстан "]
[53,530003,"МБОУ «Уруссинская средняя общеобразовательная школа №3» Ютазинского муниципального района Республики Татарстан ","Нигматуллин","Шамиль","Ринатович",38764,"М","нет",10,10,62.24,0,62.24,100,"участник","нет","Ежов Владимир Валерьевич\t","МБОУ «Уруссинская средняя общеобразовательная школа №3» Ютазинского муниципального района Республики Татарстан "]
[54,530003,"МБОУ «Уруссинская средняя общеобразовательная школа №3» Ютазинского муниципального района Республики Татарстан ","Исаева","Ксения","Андреевна",38789,"Ж","нет",10,10,95.86,0,95.86,100,"победитель","нет","Ежов Владимир Валерьевич","МБОУ «Уруссинская средняя общеобразовательная школа №3» Ютазинского муниципального района Республики Татарстан "]
[55,530004,"МБОУ «Уруссинская гимназия» Ютазинского муниципального района Республики Татарстан","Ахмадиев","Айдар","Айнурович",38866,"М","нет",10,10,92.47,0,92.47,100,"победитель","нет","Ахметова Елена Александровна","МБОУ «Уруссинская гимназия» Ютазинского муниципального района Республики Татарстан"]
[56,530004,"МБОУ «Уруссинская гимназия» Ютазинского муниципального района Республики Татарстан","Халиков","Данис","Салаватович",38728,"М","нет",10,10,70.15,0,70.15,100,"участник","нет","Ахметова Елена Александровна","МБОУ «Уруссинская гимназия» Ютазинского муниципального района Республики Татарстан"]
[57,530004,"МБОУ «Уруссинская гимназия» Ютазинского муниципального района Республики Татарстан","Кашапов","Вильдан","Ильгизович",39018,"М","нет",10,10,74.62,0,74.62,100,"участник","нет","Ахметова Елена Александровна","МБОУ «Уруссинская гимназия» Ютазинского муниципального района Республики Татарстан"]
[58,530003,"МБОУ «Уруссинская средняя общеобразовательная школа №3» Ютазинского муниципального района Республики Татарстан ","Кошелев","Дмитрий","Георгиевич",38414,"М","нет",11,11,67.12,0,67.12,100,"призер","нет","Ежов Владимир Валерьевич\t","МБОУ «Уруссинская средняя общеобразовательная школа №3» Ютазинского муниципального района Республики Татарстан "]
[59,530004,"МБОУ «Уруссинская гимназия» Ютазинского муниципального района Республики Татарстан","Галиева","Элина","Зуфаровна",38704,"Ж","нет",11,11,89.42,0,89.42,100,"призер","нет","Ахметова Елена Александровна","МБОУ «Уруссинская гимназия» Ютазинского муниципального района Республики Татарстан"]
[60,530011,"МБОУ  «Каразерикская средняя общеобразовательная школа имени Галима Вильданова» Ютазинского муниципального района Республики Татарстан","Закирова","Айсылу","Айнуровна",38595,"Ж","нет",11,11,69.13,0,69.13,100,"участник","нет","Ильясов Рамиль Салихович","МБОУ  «Каразерикская средняя общеобразовательная школа имени Галима Вильданова» Ютазинского муниципального района Республики Татарстан"]
[61,530011,"МБОУ  «Каразерикская средняя общеобразовательная школа имени Галима Вильданова» Ютазинского муниципального района Республики Татарстан","Гарипов","Раиль","Рустемович",38861,"М","нет",11,11,67.12,0,67.12,100,"победитель","нет","Ильясов Рамиль Салихович","МБОУ  «Каразерикская средняя общеобразовательная школа имени Галима Вильданова» Ютазинского муниципального района Республики Татарстан"]
[62,530002,"МБОУ  \"Уруссинская средняя общеобразовательная школа №2\" Ютазинского муниципального района Республики Татарстан","Шакирова","Элина","Нафисовна",38622,"Ж","нет",11,11,69.3,0,69.3,100,"призер","нет","Царькова Анна Ивановна","МБОУ  \"Уруссинская средняя общеобразовательная школа №2\" Ютазинского муниципального района Республики Татарстан"]
[63,530002,"МБОУ  \"Уруссинская средняя общеобразовательная школа №2\" Ютазинского муниципального района Республики Татарстан","Габдрахманова","Карина","Артуровна",38418,"Ж","нет",11,11,67.19,0,67.19,100,"участник","нет","Царькова Анна Ивановна","МБОУ  \"Уруссинская средняя общеобразовательная школа №2\" Ютазинского муниципального района Республики Татарстан"]
[64,530004,"МБОУ «Уруссинская гимназия» Ютазинского муниципального района Республики Татарстан","Галиева","Арина","Зуфаровна",38704,"Ж","нет",11,11,89.73,0,89.73,100,"победитель","нет","Ахметова Елена Александровна","МБОУ «Уруссинская гимназия» Ютазинского муниципального района Республики Татарстан"]
[65,530011,"МБОУ  «Каразерикская средняя общеобразовательная школа имени Галима Вильданова» Ютазинского муниципального района Республики Татарстан","Гарипова","Раиля","Рустемовна",38861,"Ж","нет",11,11,67.63,0,67.63,100,"участник","нет","Ильясов Рамиль Салихович","МБОУ  «Каразерикская средняя общеобразовательная школа имени Галима Вильданова» Ютазинского муниципального района Республики Татарстан"]